[Event "VII MIEDZYNARODOWY TURNIEJ SZACHOWY - GORA SW. ANNY - Open "A""]
[Site "Gora Sw. Anny"]
[Date "1899-12-30"]
[Round "1.1"]
[White "Eggink, Mateusz"]
[Black "Kislinsky, Alexey"]
[Result "1/2-1/2"]
[WhiteTitle "I"]
[BlackTitle "GM"]
[WhiteElo "2075"]
[BlackElo "2500"]

1. e4 g6 2. d4 d6 3. g3 Bg7 4. Bg2 Nf6 5. Ne2 O-O 6. O-O Nbd7 7. f4 c5 8. d5 b5
9. a4 b4 10. c4 bxc3 11. bxc3 Ba6 12. a5 Rb8 13. Re1 Qc7 14. Qa4 Bd3 15. Nd2 Ng4
16. Bh3 f5 17. Bxg4 fxg4 18. Ra3 g5 19. fxg5 Bxe2 20. Rxe2 Ne5 21. Qc2 c4 22.
Nf1 Qc5+ 23. Kg2 Nd3 24. Ra2 Rb3 25. Be3 Qb5 26. Bd2 Qe8 27. Ne3 Qh5 28. Kh1 Qh3
29. Rg2 Rf3 30. Kg1 Ne5 31. Qd1 Rb8 32. Ra1 Rb2 33. Rb1 Ra2 34. Ra1 Rxe3 35. Rxa2
Rxe4 36. Rb2 Nf3+ 37. Kh1 Be5 38. Qb1 Qxg2+ 39. Kxg2 Re2+ 40. Kf1 Rxd2 41. Rb8+
Kg7 42. Qf5 Nxh2+ 43. Ke1 Nf3+ 44. Qxf3 gxf3 45. Kxd2 f2 46. Ke2 Bxc3 47. Rb7
Bxa5 48. Rxa7 Be1 49. Rxe7+ Kg6 50. Re6+ Kxg5 51. Rxd6 c3 52. Rd7 Kf6 53. Rxh7
Ke5 54. Rd7 Kd4 55. d6 c2 56. Rc7 Bc3 57. d7 Kd5 1/2-1/2

[Event "VII MIEDZYNARODOWY TURNIEJ SZACHOWY - GORA SW. ANNY - Open "A""]
[Site "Gora Sw. Anny"]
[Date "1899-12-30"]
[Round "1.2"]
[White "Sadzikowski, Daniel"]
[Black "Krasiewicz, Robert"]
[Result "1-0"]
[WhiteTitle "IM"]
[BlackTitle "k+"]
[WhiteElo "2470"]
[BlackElo "2069"]

1. d4 f5 2. g3 Nf6 3. Bg2 g6 4. Nf3 Bg7 5. O-O O-O 6. c4 d6 7. Nc3 Nc6 8. d5 Na5
9. b3 Ne4 10. Nxe4 Bxa1 11. Neg5 h6 12. Ne6 Bxe6 13. dxe6 Bg7 14. e4 Nc6 15. Nh4
Qe8 16. exf5 g5 17. Bxc6 bxc6 18. Qg4 Rf6 19. Ng2 Rf8 20. h4 1-0

[Event "VII MIEDZYNARODOWY TURNIEJ SZACHOWY - GORA SW. ANNY - Open "A""]
[Site "Gora Sw. Anny"]
[Date "1899-12-30"]
[Round "1.3"]
[White "Piotrowski, Przemyslaw"]
[Black "Simantsev, Mikhail"]
[Result "1/2-1/2"]
[WhiteTitle "I++"]
[BlackTitle "GM"]
[WhiteElo "2062"]
[BlackElo "2459"]

1. g3 Nf6 2. Bg2 e5 3. c4 d5 4. cxd5 Nxd5 5. Nc3 Nb6 6. e3 Be7 7. Nge2 Nc6 8. O-O
O-O 9. d4 exd4 10. Nxd4 Nxd4 11. exd4 Bf6 12. Be3 Re8 13. Rc1 c6 14. d5 Bd7 15.
dxc6 Bxc6 16. Bxc6 bxc6 17. Qf3 Re6 18. Rfd1 Qe8 19. b3 Rd8 20. Rxd8 Bxd8 21.
Ne2 Nd5 22. Nd4 Rf6 23. Qe2 Bb6 24. Qd2 Nxe3 25. Qxe3 Qd7 26. Qe5 h6 27. Rc4 c5
28. Nc2 Re6 29. Qf4 Qd1+ 30. Kg2 Rf6 31. Qe3 Qd5+ 32. Qe4 Qd2 33. Qe3 Qd7 34.
Qe4 Re6 35. Qf3 Qd2 36. Qc3 Qe2 37. Qf3 Qd2 38. Qc3 Qd7 39. Qf3 Rf6 40. Qe4 g6
41. Ne3 h5 42. Rc2 Re6 43. Qd5 Qe7 44. Qf3 Qd8 45. Nc4 Rf6 46. Rd2 Qe7 47. Re2
Re6 48. Rxe6 Qxe6 49. h4 Kg7 50. Qc3+ Kg8 51. Qe5 Qc6+ 1/2-1/2

[Event "VII MIEDZYNARODOWY TURNIEJ SZACHOWY - GORA SW. ANNY - Open "A""]
[Site "Gora Sw. Anny"]
[Date "1899-12-30"]
[Round "1.4"]
[White "Stachowiak, Kamil"]
[Black "Kulas, Szymon"]
[Result "1-0"]
[WhiteTitle "IM"]
[BlackTitle "I++"]
[WhiteElo "2442"]
[BlackElo "2009"]

1. d4 Nf6 2. c4 g6 3. Nf3 Bg7 4. g3 c6 5. Bg2 d5 6. Qa4 O-O 7. O-O Nbd7 8. cxd5
cxd5 9. Nc3 Nb6 10. Qb3 Ne4 11. Bf4 Nxc3 12. Qxc3 Bf5 13. Rfc1 Nc4 14. Qb4 Qd7
15. b3 a5 16. Qc3 Nd6 17. Ne5 Qe6 18. Qc5 Ne4 19. Qc7 g5 20. Be3 Nd6 21. Qc5 Be4
22. Bxe4 Nxe4 23. Qc7 Nd6 24. Qd7 Qxd7 25. Nxd7 Rfd8 26. Nb6 Ra6 27. Nxd5 Nf5
28. Nc7 Rg6 29. Rc5 Nxd4 30. Re1 h6 31. Rxa5 Nf3+ 32. exf3 Bc3 33. Rd5 Rc8 34.
Rc1 Rxc7 35. Rd8+ Kh7 36. Bd4 Rgc6 37. Rxc3 Rxc3 38. Bxc3 Rxc3 39. Rd7 b6 40.
Rb7 Rc6 41. Rxe7 1-0

[Event "VII MIEDZYNARODOWY TURNIEJ SZACHOWY - GORA SW. ANNY - Open "A""]
[Site "Gora Sw. Anny"]
[Date "1899-12-30"]
[Round "1.5"]
[White "Malinovsky, Petr"]
[Black "Dobrowolski, Piotr"]
[Result "0-1"]
[WhiteTitle "k"]
[BlackTitle "IM"]
[WhiteElo "2008"]
[BlackElo "2422"]

1. d4 Nf6 2. c4 e6 3. Nc3 Bb4 4. f3 d5 5. a3 Bxc3+ 6. bxc3 c5 7. cxd5 exd5 8. dxc5
Qa5 9. e3 O-O 10. Qb3 Nbd7 11. Qb4 Qc7 12. Bd3 Nxc5 13. Bc2 a5 14. Qd4 b6 15.
Ne2 Ba6 16. Bd2 Ne6 17. Qh4 Rfe8 18. Kf2 Bxe2 19. Kxe2 d4 20. e4 dxc3 21. Be3
Rad8 22. Rhd1 Qc4+ 23. Kf2 Rxd1 24. Rxd1 Qa2 25. Rc1 Nf8 26. Kg1 Qxa3 27. Qe1
b5 28. Qd1 Qe7 29. Ra1 Qc7 30. Qe2 Rb8 31. g3 Ne6 32. Kg2 h6 33. Bb3 a4 34. Bxe6
fxe6 35. Bf4 e5 0-1

[Event "VII MIEDZYNARODOWY TURNIEJ SZACHOWY - GORA SW. ANNY - Open "A""]
[Site "Gora Sw. Anny"]
[Date "1899-12-30"]
[Round "1.6"]
[White "Nurkiewicz, Maciej"]
[Black "Kolasinski, Krzysztof"]
[Result "1-0"]
[WhiteTitle "m"]
[BlackTitle "I++"]
[WhiteElo "2390"]
[BlackElo "2004"]

1. e4 c5 2. Nf3 Nc6 3. d4 cxd4 4. Nxd4 Nf6 5. Nc3 e5 6. Ndb5 d6 7. Bg5 a6 8. Na3
b5 9. Bxf6 gxf6 10. Nd5 f5 11. Bd3 Be6 12. O-O Bg7 13. Qh5 O-O 14. exf5 Bxd5 15.
f6 e4 16. fxg7 Re8 17. Qxd5 Re5 18. Qxc6 Rc8 19. Qxa6 Ra8 20. Qb7 Rb8 21. Qa7
exd3 22. cxd3 Rc5 23. Rfe1 Ra8 24. Qe7 Qxe7 25. Rxe7 b4 26. Nc4 d5 27. Ne3 Rca5
28. Kf1 Kxg7 29. Rb7 1-0

[Event "VII MIEDZYNARODOWY TURNIEJ SZACHOWY - GORA SW. ANNY - Open "A""]
[Site "Gora Sw. Anny"]
[Date "1899-12-30"]
[Round "1.7"]
[White "Oszczanowski, Witold"]
[Black "Kriebel, Tadeas"]
[Result "0-1"]
[WhiteTitle "I+"]
[BlackTitle "FM"]
[WhiteElo "2002"]
[BlackElo "2375"]

1. e4 c5 2. Nf3 e6 3. d4 cxd4 4. Nxd4 Nc6 5. Nb5 d6 6. c4 Nf6 7. N1c3 a6 8. Na3
Be7 9. Be2 b6 10. O-O Bb7 11. Nc2 O-O 12. Ne3 Rc8 13. f3 Ne5 14. Qd2 Qc7 15. Rd1
Rfd8 16. Kh1 Ng6 17. b3 d5 18. exd5 Bd6 19. Bb2 Bxh2 20. Ne4 Nxe4 21. fxe4 Bf4
22. Bf3 Qe7 23. Qf2 Qg5 24. Nf1 exd5 25. exd5 Ne5 26. g3 Nxf3 27. Qxf3 Be5 28.
Bxe5 Qxe5 29. Ne3 Rd6 30. Re1 Rf6 31. Qg2 Qg5 32. Re2 h5 33. Rae1 b5 34. Kh2 bxc4
35. bxc4 h4 36. g4 g6 37. Rf2 Re8 38. Rxf6 Qxf6 39. Kg1 Qd4 40. Qf2 Bc8 41. d6
Qxd6 42. Nd5 Rxe1+ 43. Qxe1 Be6 44. Nf6+ Kf8 45. Qxh4 Qd4+ 46. Kh2 Qxc4 47. Qh8+
Ke7 48. Ng8+ Kd6 49. Nf6 Kc7 50. Ne8+ Kc6 51. Qe5 Qxa2+ 52. Kg3 Qb3+ 53. Kh2 0-1

[Event "VII MIEDZYNARODOWY TURNIEJ SZACHOWY - GORA SW. ANNY - Open "A""]
[Site "Gora Sw. Anny"]
[Date "1899-12-30"]
[Round "1.8"]
[White "Obrusnik, Michal"]
[Black "Grela, Kacper"]
[Result "0-1"]
[WhiteTitle "k+"]
[BlackTitle "I+"]
[WhiteElo "2278"]
[BlackElo "2002"]

1. Nf3 Nf6 2. b3 c5 3. Bb2 e6 4. e3 d6 5. d4 cxd4 6. exd4 g6 7. g3 Bg7 8. Bg2 O-O
9. O-O Qc7 10. c4 b6 11. Re1 Bb7 12. Nc3 a6 13. d5 e5 14. Rc1 Bc8 15. Ba3 Re8
16. b4 Bf5 17. Qb3 Nbd7 18. Nh4 e4 19. h3 h5 20. Nxf5 gxf5 21. f4 b5 22. Ne2 bxc4
23. Qxc4 Qxc4 24. Rxc4 Nxd5 25. Rc6 Rec8 26. Rec1 N7b6 27. Bf1 0-1

[Event "VII MIEDZYNARODOWY TURNIEJ SZACHOWY - GORA SW. ANNY - Open "A""]
[Site "Gora Sw. Anny"]
[Date "1899-12-30"]
[Round "1.9"]
[White "Lizak, Jakub"]
[Black "Plichta, Kamil"]
[Result "1-0"]
[WhiteTitle "I"]
[BlackTitle "k+"]
[WhiteElo "1948"]
[BlackElo "2248"]

1. e4 g6 2. d4 Bg7 3. Nc3 c5 4. dxc5 Bxc3+ 5. bxc3 Qa5 6. Nf3 Nf6 7. Bd3 Qxc3+
8. Bd2 Qxc5 9. O-O d6 10. Rb1 O-O 11. e5 dxe5 12. Rb5 Qc7 13. Nxe5 Nc6 14. Re1
Nxe5 15. Bf4 Nfd7 16. Bxe5 Nxe5 17. Rbxe5 Be6 18. Qd2 Rad8 19. h4 Rfe8 20. Qh6
Rxd3 21. cxd3 Qc2 22. d4 Qxa2 23. h5 Rd8 24. hxg6 hxg6 25. Rxe6 fxe6 26. Qxg6+
Kf8 27. Re3 Rd5 28. Rg3 Qb1+ 29. Qxb1 1-0

[Event "VII MIEDZYNARODOWY TURNIEJ SZACHOWY - GORA SW. ANNY - Open "A""]
[Site "Gora Sw. Anny"]
[Date "1899-12-30"]
[Round "1.10"]
[White "Cukrowski, Filip"]
[Black "Czempiel, Henryk"]
[Result "1-0"]
[WhiteTitle "k"]
[BlackTitle "I"]
[WhiteElo "2215"]
[BlackElo "1948"]

1. e4 e5 2. Nf3 Nf6 3. Nxe5 d6 4. Nf3 Nxe4 5. d4 d5 6. Bd3 Bd6 7. O-O Bg4 8. c4
f5 9. Nc3 O-O 10. cxd5 Nd7 11. h3 Bh5 12. Nxe4 fxe4 13. Bxe4 Nf6 14. Bf5 Kh8 15.
Qd3 Nxd5 16. Ng5 Nb4 17. Qe4 Qf6 18. g4 Rae8 19. Qg2 Bg6 20. Ne4 Qxd4 21. Be3
Qe5 22. Bxg6 hxg6 23. Nxd6 cxd6 24. Rad1 Nc2 25. Bxa7 Rf4 26. Qxb7 Ref8 27. Qd5
Qe7 28. Qb3 Rf3 29. Qxc2 Qh4 30. Rd3 Qxh3 31. Rxf3 Rxf3 32. Rc1 Qxg4+ 33. Kf1
Qh3+ 34. Ke1 Rf5 35. Qe2 Qh1+ 36. Kd2 Qd5+ 37. Kc2 Qxa2 38. Qe8+ Kh7 39. Rh1+
Rh5 40. Rxh5+ gxh5 41. Qxh5+ Kg8 42. Qe8+ Kh7 43. Qe4+ 1-0

[Event "VII MIEDZYNARODOWY TURNIEJ SZACHOWY - GORA SW. ANNY - Open "A""]
[Site "Gora Sw. Anny"]
[Date "1899-12-30"]
[Round "1.11"]
[White "Lewtak, Dominik"]
[Black "Eggink, Ryszard"]
[Result "1-0"]
[WhiteTitle "I+"]
[BlackTitle "I++"]
[WhiteElo "1943"]
[BlackElo "2198"]

1. Nf3 Nf6 2. g3 e6 3. Bg2 d5 4. d4 c5 5. c4 Qa5+ 6. Bd2 Qb6 7. cxd5 exd5 8. Bc3
c4 9. Nbd2 Nc6 10. O-O Bf5 11. Ne5 Rd8 12. Qa4 Be7 13. Ndxc4 dxc4 14. Nxc4 Qc7
15. Ba5 Qd7 16. Bxd8 Nxd8 17. Qxa7 Bh3 18. Ne5 Qf5 19. Qa4+ Kf8 20. f3 Bxg2 21.
Kxg2 g5 22. e4 Qe6 23. Qc4 Qb6 24. b3 h5 25. Rae1 h4 26. Nd3 Qa5 27. b4 Qa4 28.
Re2 b5 29. Qc3 Rh6 30. d5 Qa8 31. Qd4 Nd7 32. Rc1 Nb6 33. Nc5 Nc4 34. g4 Bd6 35.
e5 Nxe5 36. Rxe5 Qxa2+ 37. Kh3 f6 38. Nd7+ Kf7 39. Qb6 fxe5 40. Qxd8 e4 41. Ne5+
Kg7 1-0

[Event "VII MIEDZYNARODOWY TURNIEJ SZACHOWY - GORA SW. ANNY - Open "A""]
[Site "Gora Sw. Anny"]
[Date "1899-12-30"]
[Round "1.12"]
[White "Khamidov, Komil"]
[Black "Pultorak, Jan"]
[Result "1/2-1/2"]
[WhiteTitle "I++"]
[BlackTitle "I"]
[WhiteElo "2165"]
[BlackElo "1933"]

1. Nf3 Nf6 2. b3 d5 3. Bb2 Bg4 4. Ne5 e6 5. Nxg4 Nxg4 6. e3 Nf6 7. c4 Be7 8. d4
O-O 9. Bd3 c5 10. O-O Nc6 11. cxd5 Nxd5 12. dxc5 Bf6 13. Qe2 Bxb2 14. Qxb2 Nxe3
15. Bxh7+ Kxh7 16. fxe3 Qg5 17. Qc3 Qe5 18. Qxe5 Nxe5 19. Rd1 Rac8 20. b4 a5 21.
a3 Nc6 22. Rd7 axb4 23. Rxb7 Na5 24. Rxb4 Rxc5 25. Nd2 Rc3 26. e4 Rd8 27. Nf3
Nb3 28. Rb1 Nc1 29. h3 Ne2+ 30. Kf2 Nf4 31. R1b3 Rc2+ 32. Kg3 Ne2+ 33. Kh2 Nf4
34. Rb2 Rxb2 35. Rxb2 Ra8 36. Rb3 Kg6 37. Kg3 Nh5+ 38. Kf2 Ra4 39. Ke3 Ng3 40.
Nd2 f5 41. exf5+ Nxf5+ 42. Kd3 e5 43. Nc4 e4+ 44. Kc3 Kg5 45. Rb4 Ra7 46. a4 e3
1/2-1/2

[Event "VII MIEDZYNARODOWY TURNIEJ SZACHOWY - GORA SW. ANNY - Open "A""]
[Site "Gora Sw. Anny"]
[Date "1899-12-30"]
[Round "1.13"]
[White "Sliwicka, Alicja"]
[Black "Rozycki, Bartlomiej"]
[Result "0-1"]
[WhiteTitle "WFM"]
[BlackTitle "I++"]
[WhiteElo "1842"]
[BlackElo "2097"]

1. e4 c5 2. Nf3 d6 3. d4 cxd4 4. Qxd4 Nc6 5. Bb5 Bd7 6. Bxc6 Bxc6 7. c4 Nf6 8.
Nc3 g6 9. Be3 Bg7 10. O-O O-O 11. Qd3 Rc8 12. Nd4 Nd7 13. Rac1 b6 14. f3 Bb7 15.
b3 Nc5 16. Qd2 Qd7 17. Bh6 Rfd8 18. Bxg7 Kxg7 19. Rfd1 Ne6 20. e5 Kg8 21. Qh6
Nxd4 22. Rxd4 Qf5 23. exd6 Qc5 24. Ne2 Rxd6 25. b4 Qxb4 26. Rh4 Qc5+ 27. Kh1 Qe5
28. Qxh7+ Kf8 29. Re1 e6 30. Qh6+ Ke7 31. Qc1 b5 32. Ng3 Qc5 33. Rh7 bxc4 34.
Qb1 Rb6 35. Qxg6 Rf8 36. Nh5 Qd4 37. Qg5+ Kd7 38. Qh6 Qc5 39. Qf6 Qe7 40. Qd4+
Kc8 41. Qxc4+ Kb8 42. Ng3 Bd5 43. Qf4+ Ka8 44. Rh5 Qa3 45. h3 Qxa2 46. Ne4 Rb1
47. Rc1 Rc8 48. Rxb1 Qxb1+ 49. Kh2 Qb8 50. Qxb8+ Kxb8 51. Nf6 Bc4 52. Ra5 Kb7
53. h4 Kb6 54. Ra1 Bb5 55. h5 a5 56. h6 Rh8 57. h7 Bd3 58. Kg3 Kb5 59. Kf4 Kb4
60. Rd1 Bg6 61. Ke3 a4 62. Kd2 Bxh7 63. Kc1 Rc8+ 64. Kb2 Rc2+ 65. Ka1 Bg6 66.
g4 Rf2 67. Nd7 Ka3 0-1

[Event "VII MIEDZYNARODOWY TURNIEJ SZACHOWY - GORA SW. ANNY - Open "A""]
[Site "Gora Sw. Anny"]
[Date "1899-12-30"]
[Round "1.14"]
[White "Liberadzki, Slawomir"]
[Black "Dmochowska, Agnieszka"]
[Result "1/2-1/2"]
[WhiteTitle "k"]
[BlackTitle "WCM"]
[WhiteElo "2095"]
[BlackElo "1841"]

1. c4 Nf6 2. Nf3 e6 3. b3 d5 4. Bb2 c5 5. g3 Nc6 6. cxd5 exd5 7. Bg2 Be7 8. d4
O-O 9. O-O Re8 10. Na3 Bg4 11. Nc2 Ne4 12. Rc1 Ng5 13. Ne3 Bxf3 14. exf3 cxd4
15. Bxd4 Ba3 16. Rc2 Ne6 17. Ba1 d4 18. Nc4 Bb4 19. a3 d3 20. Ra2 Be7 21. Rd2
b5 22. Rxd3 Qb8 23. Nd6 Rd8 24. Nf5 Bxa3 25. f4 Qc7 26. Nxg7 Nxg7 27. Bxg7 Rxd3
28. Qxd3 Kxg7 29. Qc3+ Kg8 30. Bxc6 Rc8 31. Qa1 Qxc6 32. Qxa3 Qb7 33. Qd6 a5 34.
Qe5 Qc6 35. Qg5+ Kh8 36. Re1 a4 37. bxa4 bxa4 38. Re7 Rd8 39. Re1 Ra8 40. Qe5+
Kg8 41. f5 f6 42. Qe7 a3 43. Re4 h5 44. Re6 Qc1+ 45. Re1 Qc6 46. Re6 Qc1+ 47.
Kg2 a2 48. Rxf6 a1=Q 49. Qf7+ Kh8 50. Qxh5+ Kg8 51. Qg4+ Kh8 52. Qh5+ Kg8 53.
Qg6+ Kh8 54. Qh5+ 1/2-1/2

[Event "VII MIEDZYNARODOWY TURNIEJ SZACHOWY - GORA SW. ANNY - Open "A""]
[Site "Gora Sw. Anny"]
[Date "1899-12-30"]
[Round "2.1"]
[White "Cukrowski, Filip"]
[Black "Sadzikowski, Daniel"]
[Result "0-1"]
[WhiteTitle "k"]
[BlackTitle "IM"]
[WhiteElo "2215"]
[BlackElo "2470"]

1. e4 c5 2. Nf3 d6 3. d4 cxd4 4. Nxd4 Nf6 5. Nc3 a6 6. Bg5 Nbd7 7. Qe2 h6 8. Bh4
g6 9. O-O-O e5 10. Nb3 Be7 11. f3 b5 12. Bf2 Bb7 13. Kb1 Rc8 14. Nd5 Nxd5 15.
exd5 Nf6 16. f4 exf4 17. Qf3 O-O 18. g3 Qc7 19. c3 Qd7 20. Bg2 Qg4 21. Na5 Ba8
22. Qxf4 Qxf4 23. gxf4 Bd8 24. Nb3 Re8 25. Rhe1 Rxe1 26. Bxe1 Ng4 27. Bh3 f5 28.
Bxg4 fxg4 29. Bg3 Kf7 30. f5 gxf5 31. Bxd6 Bg5 32. Bc5 f4 33. d6 g3 34. hxg3 fxg3
35. d7 Rg8 36. Nd4 g2 37. Ka1 Be4 38. Bb6 Bd8 39. Bxd8 g1=Q 0-1

[Event "VII MIEDZYNARODOWY TURNIEJ SZACHOWY - GORA SW. ANNY - Open "A""]
[Site "Gora Sw. Anny"]
[Date "1899-12-30"]
[Round "2.2"]
[White "Rozycki, Bartlomiej"]
[Black "Stachowiak, Kamil"]
[Result "1-0"]
[WhiteTitle "I++"]
[BlackTitle "IM"]
[WhiteElo "2097"]
[BlackElo "2442"]

1. d4 Nf6 2. c4 c5 3. d5 b5 4. cxb5 a6 5. e3 g6 6. Nc3 d6 7. Qc2 Bg7 8. Nf3 O-O
9. e4 axb5 10. Bxb5 Qa5 11. O-O Ba6 12. a4 Bxb5 13. Nxb5 Na6 14. Bd2 Nb4 15. Qc4
Nd7 16. Bc3 Nb6 17. Qb3 Bxc3 18. Nxc3 c4 19. Qd1 Nd3 20. Nd4 Qc5 21. Nc6 Rfe8
22. a5 Nd7 23. b4 Nxb4 24. Na4 Qb5 25. Rb1 Reb8 26. Rxb4 Qxb4 27. Nxb4 Rxb4 28.
Nb6 Nxb6 29. axb6 Rxb6 30. Qd4 Rb4 31. Rc1 Rc8 32. h4 f6 33. Rc3 Kf7 34. f4 Rc7
35. e5 Kg7 36. h5 Rc5 37. exf6+ exf6 38. hxg6 hxg6 39. Qe4 Rb3 40. Rxc4 1-0

[Event "VII MIEDZYNARODOWY TURNIEJ SZACHOWY - GORA SW. ANNY - Open "A""]
[Site "Gora Sw. Anny"]
[Date "1899-12-30"]
[Round "2.3"]
[White "Dobrowolski, Piotr"]
[Black "Lizak, Jakub"]
[Result "1-0"]
[WhiteTitle "IM"]
[BlackTitle "I"]
[WhiteElo "2422"]
[BlackElo "1948"]

1. d4 Nf6 2. c4 g6 3. Nf3 Bg7 4. Nc3 O-O 5. e4 d6 6. Be2 Na6 7. O-O e5 8. Re1 c6
9. Rb1 exd4 10. Nxd4 d5 11. cxd5 cxd5 12. Bxa6 bxa6 13. Nc6 Qd6 14. Nxd5 Nxd5
15. Qxd5 Qc7 16. Ne7+ Qxe7 17. Qxa8 Be6 18. Qc6 Bxa2 19. Ra1 Qb4 20. Bf4 Bxb2
21. Bd6 Qb3 22. Bxf8 Bxa1 23. Bh6 1-0

[Event "VII MIEDZYNARODOWY TURNIEJ SZACHOWY - GORA SW. ANNY - Open "A""]
[Site "Gora Sw. Anny"]
[Date "1899-12-30"]
[Round "2.4"]
[White "Grela, Kacper"]
[Black "Nurkiewicz, Maciej"]
[Result "0-1"]
[WhiteTitle "I+"]
[BlackTitle "m"]
[WhiteElo "2002"]
[BlackElo "2390"]

1. e4 d5 2. exd5 Qxd5 3. Nc3 Qa5 4. d4 Nf6 5. Nf3 Bf5 6. Bd3 Nc6 7. O-O e6 8. Bb5
Bb4 9. Bd2 O-O 10. Bxc6 bxc6 11. Ne5 Qa6 12. g4 Bg6 13. g5 Bxc3 14. gxf6 Bxb2
15. fxg7 Rfd8 16. c3 Bxa1 17. Qf3 Qxa2 18. Bg5 Rd5 19. Bf6 Rxe5 20. Bxe5 Bb2 21.
Qxc6 Qd5 22. Qxc7 Qf3 0-1

[Event "VII MIEDZYNARODOWY TURNIEJ SZACHOWY - GORA SW. ANNY - Open "A""]
[Site "Gora Sw. Anny"]
[Date "1899-12-30"]
[Round "2.5"]
[White "Kriebel, Tadeas"]
[Black "Lewtak, Dominik"]
[Result "1-0"]
[WhiteTitle "FM"]
[BlackTitle "I+"]
[WhiteElo "2375"]
[BlackElo "1943"]

1. c4 e5 2. Nc3 Nc6 3. g3 Nf6 4. Bg2 Bb4 5. Nd5 Bc5 6. Nf3 d6 7. O-O O-O 8. d3
Nxd5 9. cxd5 Ne7 10. d4 exd4 11. Nxd4 Bd7 12. b3 c6 13. dxc6 Nxc6 14. Bb2 Nxd4
15. Bxd4 Bxd4 16. Qxd4 Bc6 17. Rfd1 Bxg2 18. Kxg2 Qe7 19. e3 Rfd8 20. Rac1 h6
21. Kg1 Rd7 22. Rc4 a6 23. Qb6 Rad8 24. Rd5 Qf6 25. Kg2 Qe6 26. Rcd4 Kh7 27. a4
Kg8 28. Qb4 Qg6 29. Rd3 Qe6 30. h3 Qe7 31. R3d4 Qe6 32. Qc3 Qf6 33. Qd3 Qe6 34.
b4 Qe7 35. a5 Qe6 36. g4 Qe7 37. Kg3 f6 38. Kg2 g5 39. b5 axb5 40. Rxb5 Kg7 41.
Rb6 d5 42. Rb5 Qe6 43. Qb3 Qc6 44. Qb2 Rf8 45. e4 Rff7 46. Rbxd5 Rxd5 47. Rxd5
Re7 48. Qd4 Kg6 49. Qd3 Kg7 50. Kf3 Qc7 51. Kg2 Qc6 52. Rd6 Qa4 53. e5 Rf7 54.
Qf5 fxe5 55. Qg6+ Kf8 56. Rd8+ 1-0

[Event "VII MIEDZYNARODOWY TURNIEJ SZACHOWY - GORA SW. ANNY - Open "A""]
[Site "Gora Sw. Anny"]
[Date "1899-12-30"]
[Round "2.6"]
[White "Kislinsky, Alexey"]
[Black "Piotrowski, Przemyslaw"]
[Result "1-0"]
[WhiteTitle "GM"]
[BlackTitle "I++"]
[WhiteElo "2500"]
[BlackElo "2062"]

1. e4 b6 2. d4 Bb7 3. Bd3 d6 4. c4 e5 5. d5 g6 6. Nc3 Bg7 7. Nge2 Ne7 8. h4 f5
9. h5 f4 10. g3 g5 11. gxf4 exf4 12. Rg1 Bf6 13. e5 dxe5 14. Ne4 Nf5 15. N2c3
Rg8 16. Nc5 Bc8 17. Ne6 Bxe6 18. dxe6 Nd4 19. Bxh7 Rh8 20. Be4 c6 21. b3 Qe7 22.
a4 Na6 23. a5 Rb8 24. Bxc6+ Nxc6 25. Nd5 Rd8 26. axb6 Ncb4 27. bxa7 Qxe6 28. a8=Q
Rxa8 29. Nxb4 Rd8 30. Nd5 Rh7 31. h6 Be7 32. Rh1 Nb8 1-0

[Event "VII MIEDZYNARODOWY TURNIEJ SZACHOWY - GORA SW. ANNY - Open "A""]
[Site "Gora Sw. Anny"]
[Date "1899-12-30"]
[Round "2.7"]
[White "Simantsev, Mikhail"]
[Black "Eggink, Mateusz"]
[Result "1-0"]
[WhiteTitle "GM"]
[BlackTitle "I"]
[WhiteElo "2459"]
[BlackElo "2075"]

1. d4 d5 2. c4 e6 3. Nc3 Nf6 4. Nf3 c6 5. e3 Bd6 6. Qc2 Nbd7 7. b3 O-O 8. Bd3 dxc4
9. bxc4 b6 10. O-O Bb7 11. Bb2 Qc7 12. Rad1 a6 13. Rfe1 h6 14. Ne4 Nxe4 15. Bxe4
f5 16. Bd3 c5 17. d5 Ne5 18. Bxe5 Bxe5 19. dxe6 Bxf3 20. gxf3 g6 21. f4 Bf6 22.
Bxf5 1-0

[Event "VII MIEDZYNARODOWY TURNIEJ SZACHOWY - GORA SW. ANNY - Open "A""]
[Site "Gora Sw. Anny"]
[Date "1899-12-30"]
[Round "2.8"]
[White "Dmochowska, Agnieszka"]
[Black "Khamidov, Komil"]
[Result "1-0"]
[WhiteTitle "WCM"]
[BlackTitle "I++"]
[WhiteElo "1841"]
[BlackElo "2165"]

1. d4 d6 2. e4 Nf6 3. Nc3 c6 4. f4 Qa5 5. Bd3 Bg4 6. Nf3 e5 7. Be3 Qb4 8. dxe5
dxe5 9. a3 Bxf3 10. gxf3 Qa5 11. fxe5 Qxe5 12. f4 Qe6 13. h3 Nbd7 14. Qf3 Bc5
15. O-O-O O-O-O 16. Rhe1 Rhe8 17. e5 Nd5 18. Bxc5 Nxc3 19. Bd6 Nxd1 20. Qxc6+
1-0

[Event "VII MIEDZYNARODOWY TURNIEJ SZACHOWY - GORA SW. ANNY - Open "A""]
[Site "Gora Sw. Anny"]
[Date "1899-12-30"]
[Round "2.9"]
[White "Pultorak, Jan"]
[Black "Liberadzki, Slawomir"]
[Result "0-1"]
[WhiteTitle "I"]
[BlackTitle "k"]
[WhiteElo "1933"]
[BlackElo "2095"]

1. d4 d5 2. c4 e6 3. Nc3 Nf6 4. Nf3 b6 5. Bf4 Bd6 6. Bxd6 Qxd6 7. e3 O-O 8. Be2
Bb7 9. O-O c5 10. Rc1 Nbd7 11. Qd2 cxd4 12. Qxd4 Qc5 13. Qxc5 Nxc5 14. b4 Nce4
15. Nxe4 Nxe4 16. Bd3 dxc4 17. Rxc4 Ba6 18. Rd4 Bxd3 19. Rxd3 Rfd8 20. Rfd1 Rxd3
21. Rxd3 Rc8 22. g3 g6 23. Rd4 f5 24. Ne1 Nc3 25. Rd2 Nd5 26. Rc2 Rc3 27. Rxc3
Nxc3 28. a3 Kf7 29. f4 Ke7 30. Nc2 Kd6 31. Kf1 Kd5 32. Ke1 Kc4 33. Nd4 Nb5 34.
Nxe6 Nxa3 35. Nf8 Kxb4 36. Nxh7 Nc4 37. e4 fxe4 38. Ng5 a5 39. Nxe4 a4 40. Kd1
a3 0-1

[Event "VII MIEDZYNARODOWY TURNIEJ SZACHOWY - GORA SW. ANNY - Open "A""]
[Site "Gora Sw. Anny"]
[Date "1899-12-30"]
[Round "2.10"]
[White "Kolasinski, Krzysztof"]
[Black "Obrusnik, Michal"]
[Result "0-1"]
[WhiteTitle "I++"]
[BlackTitle "k+"]
[WhiteElo "2004"]
[BlackElo "2278"]

1. Nf3 Nf6 2. c4 e6 3. g3 d5 4. Bg2 dxc4 5. Qa4+ c6 6. Qxc4 b5 7. Qc2 Bb7 8. O-O
Nbd7 9. d4 c5 10. Bg5 Qb6 11. Bxf6 Nxf6 12. e3 Rc8 13. Qd1 Be7 14. Nc3 O-O 15.
Qb3 Bc6 16. dxc5 Bxc5 17. Rfd1 Bxe3 18. Rf1 Bc5 19. Ne5 Bxg2 20. Kxg2 Bd4 21.
Nf3 Bxc3 22. bxc3 Ne4 23. a4 Nxc3 24. axb5 Nxb5 25. Rfb1 Rc5 26. Qa4 Qc6 27. Qa6
Qd5 28. Rd1 Qa8 29. Rd7 Rb8 30. Rad1 g5 31. g4 Rc3 32. R1d3 Rxd3 33. Rxd3 Qe4
34. Re3 Qxg4+ 35. Kf1 Nd4 36. Ne1 Nf5 37. Rc3 Qd4 38. Rd3 Qe4 39. Qa1 e5 40. Qc1
h6 41. f3 Qf4 42. Qc7 Rb2 43. Kg1 0-1

[Event "VII MIEDZYNARODOWY TURNIEJ SZACHOWY - GORA SW. ANNY - Open "A""]
[Site "Gora Sw. Anny"]
[Date "1899-12-30"]
[Round "2.11"]
[White "Plichta, Kamil"]
[Black "Malinovsky, Petr"]
[Result "1-0"]
[WhiteTitle "k+"]
[BlackTitle "k"]
[WhiteElo "2248"]
[BlackElo "2008"]

1. Nf3 d5 2. c4 e6 3. g3 c6 4. Bg2 f5 5. O-O Nf6 6. b3 Be7 7. Bb2 O-O 8. d3 Qe8
9. Nbd2 Qh5 10. Qc1 Re8 11. Qc2 Nbd7 12. e4 fxe4 13. dxe4 dxe4 14. Nxe4 Nxe4 15.
Qxe4 Bf6 16. Bxf6 Nxf6 17. Qe5 Qh6 18. Rad1 Ng4 19. Qc7 e5 20. h3 Nf6 21. Nxe5
Bxh3 22. Qf7+ Kh8 23. Qxe8+ 1-0

[Event "VII MIEDZYNARODOWY TURNIEJ SZACHOWY - GORA SW. ANNY - Open "A""]
[Site "Gora Sw. Anny"]
[Date "1899-12-30"]
[Round "2.12"]
[White "Eggink, Ryszard"]
[Black "Oszczanowski, Witold"]
[Result "1-0"]
[WhiteTitle "I++"]
[BlackTitle "I+"]
[WhiteElo "2198"]
[BlackElo "2002"]

1. d4 Nf6 2. c4 e6 3. Nf3 Bb4+ 4. Nbd2 d5 5. g3 O-O 6. Qc2 b6 7. Bg2 Bb7 8. O-O
Nbd7 9. a3 Be7 10. b4 c5 11. cxd5 exd5 12. bxc5 bxc5 13. dxc5 Nxc5 14. Bb2 Rc8
15. Nd4 Nce4 16. Qd1 Qd7 17. N2f3 Bd6 18. Qd3 a6 19. h3 Rc7 20. Rac1 Rfc8 21.
Rxc7 Rxc7 22. Rc1 Rxc1+ 23. Bxc1 h6 24. Bb2 Bb8 25. Nb3 Bc7 26. Nfd2 Qf5 27. Bd4
Qe6 28. Nc5 Nxc5 29. Bxc5 Ne4 30. Bd4 Qc6 31. Kh2 Bb6 32. Qe3 Bxd4 33. Qxd4 Nxd2
34. Qxd2 Qc5 35. Qb2 Qb5 36. Qe5 Qd7 37. e3 Qb5 38. g4 Qd7 39. Kg3 f6 40. Qf4
Kf7 41. Qb8 Bc6 42. Qb6 Bb5 43. Qc5 Ke6 44. f4 Qd6 45. Qc8+ Ke7 46. Qb7+ Qd7 47.
Bxd5 Qxb7 48. Bxb7 g5 49. h4 a5 50. e4 gxf4+ 51. Kxf4 Bd7 52. Bd5 Kd6 53. Bg8
Bc8 54. Bh7 Bd7 55. Bf5 Bb5 56. Bc8 Ke7 57. e5 Bd3 58. Bf5 Bc4 59. Ke4 Bb3 60.
Kf4 Bd1 61. exf6+ Kxf6 62. g5+ hxg5+ 63. hxg5+ Ke7 64. Ke5 Bb3 65. Bh7 Kf7 66.
Kd6 a4 67. Be4 Kg7 68. Kc5 Bd1 69. Kb4 Kf7 70. Bd3 Kg7 71. Be4 Kf7 72. Kc3 Kg7
73. Kd4 Bb3 74. Ke5 Bd1 75. Kf4 Bb3 76. Bc6 Kf7 77. Bd7 Bc2 78. Kg4 Bd1+ 79. Kh4
Bb3 80. Kh5 Kg7 81. Be8 Kf8 82. Bc6 Kg7 83. Bf3 Bc2 84. Kh4 Bb3 85. Bh5 Kf8 86.
Kg3 Ke7 87. Kf4 Ke6 88. Bg6 Bd1 89. Ke3 Ke5 90. Bh7 Kd5 91. Kd2 Bg4 92. Bc2 Bd7
93. Kc3 Ke5 94. Kb4 Kf4 95. g6 Kg5 96. g7 Be6 97. Bh7 Kh6 98. g8=Q Bxg8 99. Bxg8
1-0